حديث الاربعاء ;; hadith al arbiea' / (Record no. 78697)
[ view plain ]
| 000 -LEADER | |
|---|---|
| fixed length control field | 00817nam a2200265 a 4500 |
| 001 - CONTROL NUMBER | |
| control field | 78697 |
| 003 - CONTROL NUMBER IDENTIFIER | |
| rucl marc code | BD-RjUL |
| 005 - DATE AND TIME OF LATEST TRANSACTION | |
| control field | 20211209083149.0 |
| 008 - FIXED-LENGTH DATA ELEMENTS--GENERAL INFORMATION | |
| fixed length control field | 211104s1976 ua ||||| |||| 00| e ara d |
| 020 ## - INTERNATIONAL STANDARD BOOK NUMBER | |
| International Standard Book Number | 977246213 |
| 035 ## - SYSTEM CONTROL NUMBER | |
| System control number | (BD-RjUL)78923 |
| 040 ## - CATALOGING SOURCE | |
| Original cataloging agency | BD-RjUL |
| Language of cataloging | eng |
| Transcribing agency | BD-RjUL |
| 041 ## - LANGUAGE CODE | |
| Language code of text/sound track or separate title | ara |
| 082 ## - DEWEY DECIMAL CLASSIFICATION NUMBER | |
| Edition number | 23 |
| Classification number | 982.709 |
| Author mark and year | HUH 1976 |
| 100 ## - MAIN ENTRY--PERSONAL NAME | |
| Personal name | حسين، طه، ;;Hussein, Taha, |
| Dates associated with a name | 1889-1973 -- ١٨٨٩---١٩٧٣ |
| 9 (RLIN) | 249597 |
| 245 ## - TITLE STATEMENT | |
| Title | حديث الاربعاء ;; hadith al arbiea' / |
| Statement of responsibility, etc. | طه حسين ;; Taha Hussien |
| 250 ## - EDITION STATEMENT | |
| Edition statement | 13 th. ed. |
| 260 ## - PUBLICATION, DISTRIBUTION, ETC. (IMPRINT) | |
| Place of publication, distribution, etc. | AlQahira : |
| Name of publisher, distributor, etc. | دار المعارف، |
| Date of publication, distribution, etc. | 1986 |
| 300 ## - PHYSICAL DESCRIPTION | |
| Pagination | v. ; |
| 505 ## - FORMATTED CONTENTS NOTE | |
| Formatted contents note | Vol. 1.--v.2.-- |
| 600 ## - SUBJECT ADDED ENTRY--PERSONAL NAME | |
| Personal name | Ḥusayn, Ṭāhā, |
| Dates associated with a name | 1889-1973 |
| 650 ## - SUBJECT ADDED ENTRY--TOPICAL TERM | |
| Topical term or geographic name as entry element | Arabic literature |
| 9 (RLIN) | 249599 |
| Topical term or geographic name as entry element | Arabic essays |
| 9 (RLIN) | 249600 |
| 942 ## - ADDED ENTRY ELEMENTS (KOHA) | |
| Source of classification or shelving scheme | Dewey Decimal Classification |
| Koha item type | Books |
| Lost status | Source of classification or shelving scheme | Damaged status | Not for loan | Collection code | Permanent Location | Current Location | Shelving location | Date acquired | Source of acquisition | Total Checkouts | Full call number | Date last seen | Copy number | Koha item type |
|---|---|---|---|---|---|---|---|---|---|---|---|---|---|---|
| Dewey Decimal Classification | Not For Loan | Non-fiction | Central Library, University of Rajshahi | Central Library, University of Rajshahi | Reading Room | 14/09/1978 | Darul Maaref, .Egpt | A 982.709 HUH v-1 1976 | 04/11/2021 | C-1 | Books | |||
| Dewey Decimal Classification | Non-fiction | Central Library, University of Rajshahi | Central Library, University of Rajshahi | 14/09/1978 | Darul Maaref, .Egpt | A 982.709 HUH v-1 1976 | 04/11/2021 | C-2 | Books | |||||
| Dewey Decimal Classification | Not For Loan | Non-fiction | Central Library, University of Rajshahi | Central Library, University of Rajshahi | Reading Room | 14/09/1978 | Darul Maaref, .Egpt | A 982.709 HUH v-2 1976 | 04/11/2021 | C-1 | Books | |||
| Dewey Decimal Classification | Non-fiction | Central Library, University of Rajshahi | Central Library, University of Rajshahi | 14/09/1978 | Darul Maaref, .Egpt | A 982.709 HUH v-2 1976 | 04/11/2021 | C-2 | Books |